00874nam a2200253Ia 4500003000400000005001700004008004000021020001500061040000700076041000800083082001600091100002100107245004000128260004100168300001300209650008800222650003100310690003200341700002300373906001100396942001200407999001900419952018200438OSt20250819100041.0210210b2006 xxu||||| |||| 00| 0 eng d a8121914752 cAL aeng a530.41 PURS aPuri R K9236304 aSolid state physics and electronics aNew DelhibS. Chand & Co. Ltd.c2006 axvi,595p aFor the students of BSc pass and honous courses of all Indian universities 9236328 aUGC model syllabus9236329 aSolid State Physics9236326 aBabbar V K9236327 a062497 2ddccBK c117597d117597 001040708PhysicsaALbALcPhysicsd2021-02-17eWest Coast Paper and Stationers Mangalore-1g170.00l5m1o530.41 PURSp062497r2026-03-07 08:49:03s2026-02-28w2021-02-17yBK